Light

Bibliographic Details
Main Author: Lauw, Darlene
Format: Book
Published: New York : Crabtree Publishing Co. , 2002
Series:Science Alive!
Subjects:

MARC

LEADER 00000cam a2200000 7i4500
001 0000079708
005 20091201.0
020 |a 0778706060 
090 0 0 |a 500   |b LAU 
100 1 |a Lauw, Darlene 
245 1 0 |a Light   |c Darlene Lauw 
260 |a New York :   |b Crabtree Publishing Co. ,   |c 2002 
300 |a 31p. :   |b ill. ;   |c 28cm. 
490 0 |a Science Alive! 
650 0 0 |a Light   |x Experiment   |x Juvenile literature 
999 |a 00163994   |b BUKU   |c JUNIOR BOOKS   |e PERPUSTAKAAN KOMUNITI PETALING JAYA 
999 |a 00163995   |b BUKU   |c JUNIOR BOOKS   |e PERPUSTAKAAN KOMUNITI PETALING JAYA